Путеводитель по картинной галерее Императорского Эрмитажа

Dades bibliogràfiques
Autor principal: Бенуа А. Н. Александр Николаевич
Idioma:rus
Publicat: Москва, Изобразительное искусство, 1997
Edició:2-е изд., доп.
Matèries:
Format: Llibre
KOHA link:https://koha.lib.tpu.ru/cgi-bin/koha/opac-detail.pl?biblionumber=25623

MARC

LEADER 00000nam0a2200000 4500
001 25623
005 20231030201034.0
010 |a 5852002135 
035 |a (RuTPU)RU\TPU\book\25860 
035 |a BOOK00025935 
090 |a 25623 
100 |a 20011209d1997 m y0rusy50 ca 
101 0 |a rus 
102 |a RU 
105 |a a z 001zy 
200 1 |a Путеводитель по картинной галерее Императорского Эрмитажа  |f А. Н. Бенуа 
205 |a 2-е изд., доп. 
210 |a Москва  |c Изобразительное искусство  |d 1997 
215 |a 304 с.  |c 80 ил. 
320 |a Библиогр.: с. 299. 
320 |a Имен. указ.: с. 287-299. 
610 1 |a искусство 
610 1 |a музеи 
610 1 |a постоянные выставки 
610 1 |a Эрмитаж 
610 1 |a путеводители 
610 1 |a история 
610 1 |a живопись 
675 |a 7(069)  |v 3 
700 1 |a Бенуа  |b А. Н.  |g Александр Николаевич 
801 0 |a RU  |b 63413507  |c 20011209  |g PSBO 
801 2 |a RU  |b 63413507  |c 20040505  |g PSBO 
942 |c BK